|
|
|
|
| LEADER |
00000nam0a2200000 4500 |
| 001 |
306654 |
| 005 |
20231102001921.0 |
| 035 |
|
|
|a (RuTPU)RU\TPU\book\331931
|
| 090 |
|
|
|a 306654
|
| 100 |
|
|
|a 20151009d1983 k y0rusy50 ca
|
| 101 |
0 |
|
|a rus
|
| 102 |
|
|
|a RU
|
| 105 |
|
|
|a a z 001zy
|
| 200 |
1 |
|
|a Автоматизированные системы принятия решений
|f И. Ю. Юсупов
|g Академия наук СССР (АН СССР), Башкирский филиал, Отдел физики и математики
|
| 210 |
|
|
|a Москва
|c Наука
|d 1983
|
| 215 |
|
|
|a 88 с.
|c ил.
|
| 320 |
|
|
|a Библиогр.: с. 84-86
|
| 606 |
1 |
|
|a Принятие решений
|x Организащия производства
|x Математическая теория
|2 stltpush
|3 (RuTPU)RU\TPU\subj\51691
|9 70261
|
| 610 |
1 |
|
|a автоматизированные системы
|
| 610 |
1 |
|
|a предприятия
|
| 610 |
1 |
|
|a руководство
|
| 610 |
1 |
|
|a решения
|
| 610 |
1 |
|
|a выбор
|
| 610 |
1 |
|
|a формализация
|
| 610 |
1 |
|
|a информационное обеспечение
|
| 610 |
1 |
|
|a АСПР
|
| 610 |
1 |
|
|a проектирование
|
| 675 |
|
|
|a 658.012.011.56
|v 3
|
| 700 |
|
1 |
|a Юсупов
|b И. Ю.
|g Ислам Юсупович
|
| 712 |
0 |
2 |
|a Академия наук СССР (АН СССР)
|b Башкирский филиал
|b Отдел физики и математики
|2 stltpush
|3 (RuTPU)RU\TPU\col\11268
|
| 801 |
|
1 |
|a RU
|b 63413507
|c 20151009
|
| 801 |
|
2 |
|a RU
|b 63413507
|c 20190529
|g RCR
|
| 942 |
|
|
|c BK
|